00404nam a2200109Ia 4500008004100000041000800041100001900049245013200068260005100200300000800251700003500259250110s9999 xx 000 0 und d aeng aSawant Pranita aAn Integrated Landscape Approach Tostrengthen Livelihoods For Rural Agrarian Communities Arou nd MksssSite In Dhagewadi, Satara bBNCA M Arch Landscape ArchitectureaPunec2023 a39p aGuide Name:Sahasrabuddhe Swati